| 000 | 00359 a2200169 4500 | ||
|---|---|---|---|
| 001 | 164486 | ||
| 020 | _a85-7153-105-6 | ||
| 040 | _cMagnum | ||
| 100 | _aLacerda, Nilma Goncalves | ||
| 240 | 1 | 0 |
_aAs fatias do mundo _lpor |
| 245 | 1 | 0 | _aAs fatias do mundo |
| 300 | _a52 | ||
| 362 | 0 | _a1997 | |
| 440 | 1 | _aRHJ | |
| 697 | _aLITERATURA JUVENIL | ||
| 942 | _cBK | ||
| 999 |
_c164486 _d164486 |
||